000 00457nam a22001817a 4500
003 MPLRDC
005 20220104114114.0
008 210129b ||||| |||| 00| 0 eng d
020 _a7-5075-0236-8
082 _a782.886 JJS-16
100 _a赵勇民、解柏伟著
245 _a蒋介石梦断金三角
_c
250 _a一版一刷
260 _a
_b华文出版社
_c1993
300 _b
650 _a蒋介石传记
942 _cBK
_o782.886 JJS-16
999 _c4849
_d4839